|
|
|
|
| LEADER |
00000ny a22000003n 4500 |
| 005 |
20110513141823.0 |
| 008 |
770124c19769999deutr p s wgv 0 a0eng |
| 022 |
|
|
|a 0364-9490
|
| 035 |
|
|
|a 5122
|
| 040 |
|
|
|a MnMULS
|d vLex
|
| 050 |
0 |
0 |
|a K4
|b .E38
|
| 050 |
0 |
0 |
|a KF1397
|b .D44
|
| 050 |
0 |
0 |
|a KF1397
|b .D44
|
| 082 |
|
4 |
|a 346/.751/06605
|
| 090 |
|
|
|c 1898
|d 1898
|
| 245 |
0 |
4 |
|a The Delaware journal of corporate law
|h [Recurso electrn̤ico]
|
| 256 |
|
|
|a Servicio en ln̕ea
|
| 260 |
|
|
|a [Wilmington,]:
|b [Delaware Law School of Widener College]
|
| 310 |
|
|
|a Three nos. a year,
|b 1977-
|
| 321 |
|
|
|a Semiannual
|
| 506 |
1 |
|
|a Contenido solo disponible en los productos indicados
|d vLex Global
|d vLex Global (Academic Edition, excluding Law Schools)
|d vLex Global (U.S. Academic Edition, excluding Law Schools)
|
| 710 |
2 |
|
|a Widener College.
|b Delaware Law School
|
| 740 |
0 |
|
|a vLex Revista (Servicios en ln̕ea)
|
| 843 |
|
|
|a Electrn̤ica. Abierta
|
| 853 |
|
|
|8 1
|i (year)
|j (month)
|k (day)
|
| 856 |
4 |
0 |
|u http://vlex.com/source/5122
|z Acceso restringido
|
| 942 |
|
|
|c REV
|
| 999 |
|
0 |
|a Corporation law
|z Delaware
|v Periodicals
|